000 01901nam a2200505Ii 4500
001 DIGSIRLA0547
003 NyNyDIG
006 m o d
007 cr |||||||||||
008 230503s2019 sp o 000 f spa d
035 _a(OCoLC)1101966043
040 _aDGITA
_beng
_erda
_epn
_cDGITA
020 _a9788417860417
_qeBook
020 _z9788417860042
041 1 _aspa
_heng
043 _aa-tu---
050 1 4 _aPR6052.A6488 ebook
082 0 4 _a823.914
100 1 _aBarker, Pat,
_d1943-
_eauthor.
240 1 0 _aSilence of the girls.
_lSpanish
_s(Jiménez Arribas)
245 1 3 _aEl silencio de las mujeres /
_cPat Barker ; traducción del inglés de Carlos Jiménez Arribas.
250 _aEdición en formato digital.
264 1 _aMadrid :
_bSiruela,
_c[2019]
300 _a1 online resource.
336 _atext
_btxt
_2rdacontent
337 _acomputer
_bc
_2rdamedia
338 _aonline resource
_bcr
_2rdacarrier
347 _atext file
_2rdaft
347 _bEPUB
490 1 _aNuevos tiempos
588 0 _aOnline resource; title from ePub title page (Digitalia, viewed May 5, 2023)
600 0 0 _aBriseis
_c(Greek mythological character)
_vFiction.
650 0 _aTrojan War
_vFiction.
651 0 _aTroy (Extinct city)
_vFiction.
655 7 _aFiction.
_2lcgft
700 1 _aJiménez Arribas, Carlos,
_d1966-
_etranslator.
700 1 _iTranslation of:
_aBarker, Pat,
_d1943-
_tSilence of the girls.
791 2 _aDigitalia (Firm),
_edistributor.
793 0 _gDigitalia eBook Collection:
_aSiruela
776 0 8 _iPrint version:
_aBarker, Pat, 1943-
_sSilence of the girls. Spanish (Jiménez Arribas).
_tSilencio de las mujeres.
_dMadrid : Siruela, [2019]
_z9788417860042
830 0 _aNuevos tiempos (Madrid, Spain) ;
_v428.
856 4 0 _3Digitalia Hispánica
_uhttps://www.digitaliapublishing.com/a/68441/
910 _aPremium collection: 2023
942 _cRAA
999 _c262422
_d262422